| 000 | 00664nam a22001577a 4500 | ||
|---|---|---|---|
| 003 | OSt | ||
| 005 | 20160509092539.0 | ||
| 008 | 160509b xxu||||| |||| 00| 0 eng d | ||
| 040 | _cRUA | ||
| 082 | _aAGR SIN 2011 B470 Or.1 | ||
| 100 |
_98320 _aSING SEUN; សិឹង សឿង |
||
| 245 | _aStudy of nematode on the rice and vegetables in barray district, kompong thom province; សិក្សាវត្តមានណេម៉ាតូតទៅលើដំណាំ និងបន្លែនៅស្រុកបារាយណ៏ ខេត្តកំពង់ធំ | ||
| 260 |
_aPhnom Penh _bRUA _c2011 |
||
| 300 |
_ax;45p. _bill. _c29cm. |
||
| 942 |
_2ddc _cAGR |
||
| 999 |
_c7972 _d7972 |
||